| 000 | 00894nam0a22002531 4500 | ||
|---|---|---|---|
| 001 | rc\2561225 | ||
| 005 | 20260422155348.0 | ||
| 035 | _a(NLR Aleph) 006726145 | ||
| 090 |
_a5495219 _c5495219 |
||
| 100 | _a20110914d1927 u y0rusy50 ca | ||
| 101 | 0 | _arus | |
| 102 | _aRU | ||
| 105 | _ay z |||a| | ||
| 200 | 1 |
_aЗемля без солнца _eПовесть _fС. Заяицкий |
|
| 210 |
_aМосква _aЛенинград _cГос. изд-во _d1927 _eМосква _g1-я Образцовая тип. |
||
| 215 |
_a93, [1] с. _d14х10 см. |
||
| 225 | 1 |
_aУниверсальная библиотека _v№ 498-499 |
|
| 700 | 1 |
_aЗаяицкий _bС. С. _cписатель _f1893-1930 _gСергей Сергеевич _3RU\NLR\AUTH\770173292 |
|
| 801 | 0 |
_aRU _bNLR _gpsbo |
|
| 801 | 1 |
_aRU _bELAR _2rusmarc |
|
| 852 |
_aNLR _j50/247(498-499) |
||
| 942 | _cBOOK | ||
| 980 | _aNB | ||